000 00539cam a22002171 4500
001 sa 64006430
003 DLC
005 20260227112039.0
008 890816s1962 ii 000 0 gujo
010 _asa 64006430
035 _a(OCoLC)20185477
040 _aDLC
_cWaU
_dDLC
042 _apremarc
050 0 0 _aDS481.P36
_bP33
100 1 _aPatel, I. J.
245 1 0 _aVīra Viṭhṭhalbhāī.
260 _c[1962]
300 _a6, 158 p.
_c19 cm.
500 _aIn Gujarati.
600 1 0 _aPatel, Vithalbhai Jhaverbhai,
_d1873-1933.
999 _c59693
_d59693